English and continental literature

Guardado en:
書目詳細資料
主要作者: Brewton, John E.
格式: 圖書
語言:Undetermined
出版: New York, Estados Unidos Laidlaw Brothers 1950
主題:
標簽: 添加標簽
沒有標簽, 成為第一個標記此記錄!

MARC

LEADER 00000nam a2200000Ia 4500
008 170316s9999 xx 000 0 und d
999 |c 5448  |d 5448 
040 |a cru BVZT 
090 |a 810 B-20e 
100 |a Brewton, John E. 
245 |a English and continental literature  |c / John E. Brewton 
260 |a New York, Estados Unidos  |b Laidlaw Brothers  |c 1950 
300 |a 800 páginas 
650 |a LITERATURA ESTADOUNIDENSE  |9 25 
942 |c 15 D  |h 810 B-20e  |2 z